BASIC MANAGERIAL SKILLS FOR ALL (Record no. 16363)

MARC details
000 -LEADER
fixed length control field 00300nam a22001457a 4500
003 - CONTROL NUMBER IDENTIFIER
control field SGT
020 ## - INTERNATIONAL STANDARD BOOK NUMBER
International Standard Book Number 9788120343146
082 ## - DEWEY DECIMAL CLASSIFICATION NUMBER
Item number MCG
100 ## - MAIN ENTRY--PERSONAL NAME
Personal name MC GRATH E.H
245 ## - TITLE STATEMENT
Title BASIC MANAGERIAL SKILLS FOR ALL
250 ## - EDITION STATEMENT
Edition statement 9TH
260 ## - PUBLICATION, DISTRIBUTION, ETC. (IMPRINT)
Name of publisher, distributor, etc PHI LEARNING
Year of Publication 2018
300 ## - PAGE DESCRIPTION
No. of Pages 812
942 ## - ADDED ENTRY ELEMENTS (KOHA)
Source of classification or shelving scheme Dewey Decimal Classification
Koha item type Books
Holdings
Withdrawn status Lost status Source of classification or shelving scheme Damaged status Not for loan Collection code Home library Current library Shelving location Date acquired Vendor Name Cost, normal purchase price SGTU Bill Number Total Checkouts Full call number Accession No. (Barcode) Date last seen Bill Date Koha item type
    Dewey Decimal Classification     COMMERCE MANAGEMENT SGT Science & Social Sciences Library SGT Science & Social Sciences Library Text Book 15/12/2018 KIRTI PRAKSHAN 495.00 SGTU IN1748   MCG CM5141 15/12/2018   Books